000 00733nam a22002657a 4500
005 20160121101111.0
008 080219s2008 nyua 001 0 eng
020 _a9780071546713 (alk. paper)
020 _a0071546715 (alk. paper)
041 0 _aeng
080 _a004
100 1 _aMeyers, Michael,
245 1 0 _aCompTIA Linux+ certification /
_cMichael Jang.
246 3 0 _aCompTIA Linux+
250 _a1st ed.
260 _aNew York :
_bMcGraw-Hill,
_c2008.
300 _a390 f. :
_bme il.;
_c23 cm. +
_e1 CD
440 0 _aMike Meyers' certification passport
505 _aIndex: f. 377 - 390
630 0 0 _aLinux.
650 0 _aKompjuterat
650 0 _aSistemi operativ
700 1 _aJang, Michael H.
942 _2udc
_cBK
999 _c637
_d637